000 01095nmc a2200397 a 4500
003 AR-BaBNM
005 20251128204714.0
008 277019s1986 ||||||||||||||000 | spa||
020 _a950-10-0181-4
040 _cAR-BaBNM
100 1 _aNalé Roxlo, Conrado
245 1 0 _aTeatro breve
_b; El reencuentro ; El pasado de Elisa ; El vacío ; El neblí
250 _a5ª ed.
260 _aBuenos Aires
_bAbril
_c1986
300 _a181 p.
490 0 _aClásicos Huemul
_vv. 85
500 _aContiene vocabulario en p. 177
650 4 _aREALISMO
650 4 _aLITERATURA ARGENTINA
650 4 _aTEATRO
650 4 _aMISTICISMO
650 4 _aHUMOR
650 4 _aLITERATURA CONTEMPORANEA
653 _aFARSA
655 _aLITERATURA
700 1 _aPaola, Luis de
_eprologuista
700 1 _aPellegrini, Juan Carlos
_ecomentarista
740 0 _aEl reencuentro
740 0 _aEl pasado de Elisa
740 0 _aEl vacío
740 0 _aEl neblí
800 1 _aPellegrini, Juan Carlos
_efundador
_edirector
800 1 _aRiba, Elsa
_edirector
942 _cBK
998 _cMARTIN
999 _c8503
_d8503